| 000 -CABECERA |
| Longitud fija campo de control |
01089nam a22002774i 4500 |
| 001 - NÚMERO DE CONTROL |
| Número de control |
991061257304806706 |
| 003 - IDENTIFICADOR DEL NÚMERO DE CONTROL |
| Identificador del número de control |
OSt |
| 005 - FECHA Y HORA DE LA ÚLTIMA TRANSACCIÓN |
| Fecha y hora de la última transacción |
20250114135119.0 |
| 008 - CÓDIGOS DE INFORMACIÓN DE LONGITUD FIJA |
| Códigos de información de longitud fija |
241219e202411 spc 000 0dcat|c |
| 017 ## - NÚMERO DE COPYRIGHT O DE DEPÓSITO LEGAL |
| Número de copyright o de depósito legal |
DL T 1110-2024 |
| Agencia que asigna el número |
Biblioteca de Catalunya |
| 020 ## - NÚMERO INTERNACIONAL NORMALIZADO PARA LIBROS |
| Número Internacional Normalizado para Libros (ISBN) |
9788412916041 |
| 040 ## - FUENTE DE LA CATALOGACIÓN |
| Centro catalogador de origen |
ES-BaBAB |
| Lengua de catalogación |
cat |
| Normas de descripción |
rda |
| Centro transcriptor |
CDMR |
| 100 1# - PUNTO DE ACCESO PRINCIPAL-NOMBRE DE PERSONA |
| Nombre de persona |
Martí Martí, Josep Maria |
| 9 (RLIN) |
498 |
| 245 10 - MENCIÓN DE TÍTULO |
| Título |
Periodisme que ajuda a escriure la història : |
| Resto del título |
selecció d'articles de 'La Mirada' (2017-2024) / |
| Mención de responsabilidad, etc. |
Josep M. Martí i Martí ; edició i comentaris d'Isabel Martínez Martínez |
| 264 #1 - PRODUCCIÓN, PUBLICACIÓN , DISTRIBUCIÓN, FABRICACIÓN Y COPYRIGHT |
| Lugar de producción, publicación, distribución, fabricación |
Reus : |
| Nombre del productor, editor, distribuidor, fabricante |
Edicions del Centre de Lectura de Reus : |
| -- |
Arola Editors, |
| Fecha de de producción, publicación, distribución, fabricación o copyright |
2024 |
| 300 ## - DESCRIPCIÓN FÍSICA |
| Extensión |
205 pàgines ; |
| Dimensiones |
21 cm |
| 490 1# - MENCIÓN DE SERIE |
| Mención de serie |
Assaig ; |
| Designación de volumen o secuencia |
156 |
| 630 07 - PUNTO DE ACCESO ADICIONAL DE MATERIA - TÍTULO UNIFORME |
| Título uniforme |
Diari de Tarragona (1986) |
| Fuente del encabezamiento o término |
lemac |
| 651 #7 - PUNTO DE ACCESO ADICIONAL DE MATERIA - NOMBRE GEOGRÁFICO |
| Nombre geográfico |
Tarragona (Catalunya) |
| Subdivisión de materia general |
Política i govern |
| Subdivisión cronológica |
S. XXI. |
| Fuente del encabezamiento o término |
lemac |
| 651 #7 - PUNTO DE ACCESO ADICIONAL DE MATERIA - NOMBRE GEOGRÁFICO |
| Nombre geográfico |
Tarragona (Catalunya) |
| Subdivisión de materia general |
Vida social i costums |
| Subdivisión cronológica |
S. XXI. |
| Fuente del encabezamiento o término |
lemac |
| 700 1# - PUNTO DE ACCESO ADICIONAL - NOMBRE DE PERSONA |
| Nombre de persona |
Martínez, Isabel, |
| 830 #0 - PUNTO DE ACCESO ADICIONAL DE SERIE - TÍTULO UNIFORME |
| Título uniforme |
Assaig (Centre de Lectura (Reus, Catalunya)) ; |
| Designación de volumen o secuencia |
156 |
| 908 ## - CONTROL DE PARÁMETROS (RLIN) |
| Parametro de comando lanzado |
BAB |
| -- |
BMON |
| -- |
BMVB |
| -- |
CLR |
| 940 ## - |
| T&íacute;tulo uniforme |
<a href="BAB">BAB</a> |
| 942 ## - ENTRADA DE ELEMENTOS AGREGADOS (KOHA) |
| Fuente de clasificaión o esquema |
|
| Koha [por defecto] tipo de item |
Monografies |